Score 0/30 Timer 08:00
1 Play Today
Clue Word % Correct
Midnight or Navyblue
93.7%
A bundle of haybale
92.8%
Fluid produced by the liverbile
92.2%
Christian holy bookBible
91.4%
It may be pitched or dribbledball
91.3%
Blow this in gum or from a wandbubble
89.8%
House for a light filamentbulb
88.9%
Mate for a heiferbull
88.7%
The Beast's BeautyBelle
87%
Remove water from a leaky boatbail
85.6%
Talk incoherentlybabble
85.4%
To tell a secret to everybodyblab
83.2%
Tower in the Book of GenesisBabel
77.6%
The beak of a birdbill
76.8%
Slander in printlibel
76.8%
Clue Word % Correct
Indefinite shapeblob
75.3%
Found on the back of a food containerlabel
74.8%
'Jungle Book' bearBaloo
74.1%
Tolkien's HobbitBilbo
73.2%
Deadly disease from AfricaEbola
73.1%
Can doable
72.1%
'Twilight' protagonistBella
68.7%
Court defense, often corroborated by others alibi
67.1%
Jessica of 'Fantastic 4'Alba
66%
Napoleon I exile isleElba
65%
Small trinketbauble
61.1%
Cotton plant's seed holderboll
55.9%
Likely to do or responsible for somethingliable
49.3%
Tree trunkbole
38%
Flowering herb used for remedieslobelia
4.2%

You're not logged in!

Compare scores with friends on all Sporcle quizzes.
OR
Log In

Sporcle TV

Today on Sporcle TV


Watch our educational content, quiz creation guides, and fun videos on Sporcle TV.

Show Comments

Extras

Top Quizzes Today


Score Distribution

Your Account Isn't Verified!

In order to create a playlist on Sporcle, you need to verify the email address you used during registration. Go to your Sporcle Settings to finish the process.

Report this User

Report this user for behavior that violates our Community Guidelines.

Details: